TH-SOF-1621-Imaging Solution by a Fusion of Thermal and Color Images using the Convolutional Neural Network (Record no. 576895)
[ view plain ]
| 000 -LEADER | |
|---|---|
| fixed length control field | 00432nam a22001217a 4500 |
| 082 ## - DEWEY DECIMAL CLASSIFICATION NUMBER | |
| Classification number | 200 THE |
| 100 ## - MAIN ENTRY--PERSONAL NAME | |
| Personal name | Bushra Khalid |
| 9 (RLIN) | 69756 |
| 245 ## - TITLE STATEMENT | |
| Title | TH-SOF-1621-Imaging Solution by a Fusion of Thermal and Color Images using the Convolutional Neural Network |
| 260 ## - PUBLICATION, DISTRIBUTION, ETC. | |
| Place of publication, distribution, etc. | ISLAMABAD |
| Name of publisher, distributor, etc. | NUST COLLEGE OF EME |
| Date of publication, distribution, etc. | 2019 |
| 650 ## - SUBJECT ADDED ENTRY--TOPICAL TERM | |
| Topical term or geographic name entry element | MS-COMPUTER ENGINEERING MSTHESIS |
| 9 (RLIN) | 69757 |
| 700 ## - ADDED ENTRY--PERSONAL NAME | |
| Personal name | Supervisor Dr. Muhammad Usman Akram |
| 9 (RLIN) | 69721 |
| 942 ## - ADDED ENTRY ELEMENTS (KOHA) | |
| Koha item type | Computer Files |
| Withdrawn status | Lost status | Damaged status | Not for loan | Permanent Location | Current Location | Shelving location | Date acquired | Total Checkouts | Full call number | Barcode | Date last seen | Price effective from | Koha item type |
|---|---|---|---|---|---|---|---|---|---|---|---|---|---|
| College of Electrical & Mechanical Engineering (CEME) | College of Electrical & Mechanical Engineering (CEME) | Reference | 11/06/2019 | 200 THE | TH-SOF-1621 | 06/28/2021 | 06/28/2021 | Computer Files |
